[Event "GER Cup Net Final-B U2000"]
[Site "Playchess.com INT"]
[Date "2020.06.06"]
[Round "5"]
[White "Lange, Stephan"]
[Black "Hilck, Dirk"]
[Result "1-0"]
[WhiteElo "2217"]
[BlackElo "1796"]
[PlyCount "96"]
[EventDate "2020.06.06"]
[EventType "swiss (blitz)"]
[EventRounds "13"]
[EventCountry "GER"]
[SourceTitle "CBM 197 Extra"]
[Source "ChessBase"]
[SourceDate "2020.09.30"]
[SourceVersion "1"]
[SourceVersionDate "2020.09.30"]
[SourceQuality "1"]

1. g3 d5 2. Nh3 c6 3. f3 e5 4. c3 Nf6 5. Nf2 Bd6 6. Bg2 Qc7 7. e3 0-0 8. 0-0 Nbd7 9. d3 Re8 10. b3 Nf8 11. Na3 Ng6 12. Nc2 Be6 13. Bb2 a5 14. Qe2 a4 15. b4 b5 16. a3 Bc8 17. Rad1 c5 18. Qd2 Bb7 19. Rc1 Rad8 20. Qe2 Ba8 21. Rfd1 h5 22. e4 h4 23. Bh3 hxg3 24. hxg3 Bb7 25. Kg2 Bc8 26. Ne3 Nh5 27. Qc2 Be6 28. Bxe6 fxe6 29. exd5 exd5 30. Nxd5 Qf7 31. c4 cxb4 32. axb4 Rf8 33. Qe2 Bxb4 34. Qe4 Bd6 35. cxb5 a3 36. Ba1 Bb8 37. Ne3 Ba7 38. Nfg4 Bd4 39. Rf1 Bxa1 40. Rxa1 Rd4 41. Qc6 Rxd3 42. Rf2 Nhf4+ 43. gxf4 exf4 44. Nf1 Qb3 45. Qxg6 Rxf3 46. Rxf3 Qb2+ 47. Nf2 Qxa1 48. Qe6+ Rf7 1-0

[Event "GER Cup Net Final-B U2000"]
[Site "Playchess.com INT"]
[Date "2020.06.06"]
[Round "10"]
[White "Singh, Marcel"]
[Black "Lange, Stephan"]
[Result "1-0"]
[WhiteElo "2030"]
[BlackElo "2217"]
[PlyCount "64"]
[EventDate "2020.06.06"]
[EventType "swiss (blitz)"]
[EventRounds "13"]
[EventCountry "GER"]
[SourceTitle "CBM 197 Extra"]
[Source "ChessBase"]
[SourceDate "2020.09.30"]
[SourceVersion "1"]
[SourceVersionDate "2020.09.30"]
[SourceQuality "1"]

1. e4 g6 2. d4 Bg7 3. Nc3 c6 4. Bg5 f6 5. Bh4 Nh6 6. Qd2 Nf7 7. 0-0-0 d6 8. f4 0-0 9. Nf3 Bg4 10. h3 Bxf3 11. gxf3 Qa5 12. f5 e5 13. fxe6 Nh8 14. f4 b5 15. Kb1 Na6 16. Nd5 Qd8 17. e7 Qd7 18. exf8Q+ Rxf8 19. Ne3 Nf7 20. f5 g5 21. Bg3 Re8 22. Bg2 Nc7 23. h4 h6 24. hxg5 hxg5 25. Qe2 a5 26. Qh5 b4 27. Qg6 Nh8 28. Rxh8+ Kxh8 29. Rh1+ Kg8 30. Ng4 Kf8 31. Nxf6 Bxf6 32. Qxf6+ Kg8 1-0

[Event "GER Cup Net Final-B U2000"]
[Site "Playchess.com INT"]
[Date "2020.06.06"]
[Round "6"]
[White "Wulff, Joerg"]
[Black "Lange, Stephan"]
[Result "0-1"]
[WhiteElo "1888"]
[BlackElo "2217"]
[PlyCount "86"]
[EventDate "2020.06.06"]
[EventType "swiss (blitz)"]
[EventRounds "13"]
[EventCountry "GER"]
[SourceTitle "CBM 197 Extra"]
[Source "ChessBase"]
[SourceDate "2020.09.30"]
[SourceVersion "1"]
[SourceVersionDate "2020.09.30"]
[SourceQuality "1"]

1. e4 g6 2. d4 Bg7 3. Nc3 c6 4. f4 d5 5. e5 Nh6 6. Nf3 f6 7. h3 fxe5 8. fxe5 0-0 9. Bd3 c5 10. Be3 cxd4 11. Bxd4 Nc6 12. Ne2 Nf5 13. Bxf5 Bxf5 14. 0-0 Be4 15. Nc3 Bxf3 16. Rxf3 e6 17. Rxf8+ Qxf8 18. Nb5 Qb4 19. Qg4 Qxb5 20. Qxe6+ Kh8 21. Bf2 Nxe5 22. Bd4 Qe8 23. Qxe8+ Rxe8 24. Kf2 Nc6 25. Bxg7+ Kxg7 26. Rd1 Rd8 27. Ke3 Kf6 28. Kd3 Ke6 29. Kc3 a6 30. a3 Rd7 31. Re1+ Kd6 32. Rf1 Re7 33. Rf6+ Kd7 34. Rf8 d4+ 35. Kd3 Re3+ 36. Kd2 Kd6 37. Rf7 Re7 38. Rf3 Kd5 39. Rg3 Ne5 40. Rg5 Ke4 41. Rg3 Rf7 42. b3 Rf2+ 43. Kc1 Kf4 0-1

[Event "GER Cup Net V3 U2000"]
[Site "Playchess.com INT"]
[Date "2020.05.27"]
[Round "9"]
[White "Heinichen, Nils"]
[Black "Lange, Stephan"]
[Result "1-0"]
[WhiteElo "1943"]
[BlackElo "2325"]
[PlyCount "78"]
[EventDate "2020.05.27"]
[EventType "swiss (blitz)"]
[EventRounds "9"]
[EventCountry "GER"]
[SourceTitle "EXT 2021"]
[Source "ChessBase"]
[SourceDate "2020.10.23"]
[SourceVersion "1"]
[SourceVersionDate "2020.10.23"]
[SourceQuality "1"]

1. d4 g6 2. Nf3 Bg7 3. c3 Nh6 4. e4 f6 5. Bd3 Nf7 6. 0-0 e6 7. Re1 d6 8. Nbd2 0-0 9. Nf1 c6 10. Ng3 b6 11. h4 Qe7 12. h5 g5 13. Bd2 h6 14. Qe2 Re8 15. Nh2 Bb7 16. Ng4 e5 17. Nf5 Qf8 18. Bc4 d5 19. exd5 cxd5 20. Bb3 Nd7 21. Qb5 Rad8 22. Bxd5 Bxd5 23. Qxd5 Nc5 24. Qf3 exd4 25. cxd4 Nd7 26. a3 a5 27. b4 a4 28. b5 Kh7 29. Bb4 Qh8 30. Qd3 Nde5 31. Rxe5 Nxe5 32. Nxe5 Rxe5 33. Nd6+ Kg8 34. dxe5 fxe5 35. Qd5+ Kh7 36. Qe4+ Kg8 37. Qg6 Qh7 38. Qe6+ Kh8 39. Nf7+ Kg8 1-0

[Event "GER Cup Net V3 U2000"]
[Site "Playchess.com INT"]
[Date "2020.05.27"]
[Round "2"]
[White "Lange, Stephan"]
[Black "Braeutigam, Alexander"]
[Result "1-0"]
[WhiteElo "2325"]
[BlackElo "1666"]
[PlyCount "123"]
[EventDate "2020.05.27"]
[EventType "swiss (blitz)"]
[EventRounds "9"]
[EventCountry "GER"]
[SourceTitle "EXT 2021"]
[Source "ChessBase"]
[SourceDate "2020.10.23"]
[SourceVersion "1"]
[SourceVersionDate "2020.10.23"]
[SourceQuality "1"]

1. g3 b6 2. Bg2 Nc6 3. Nh3 Bb7 4. f3 g6 5. Nf2 Bg7 6. c3 e6 7. e3 Nge7 8. d3 d5 9. 0-0 Nb8 10. Na3 Nd7 11. Nc2 c5 12. Qe2 0-0 13. e4 d4 14. c4 e5 15. f4 f5 16. fxe5 Nxe5 17. Bf4 fxe4 18. Nxe4 Bxe4 19. Bxe4 N7c6 20. Bxe5 Nxe5 21. Bxa8 Qxa8 22. Rxf8+ Qxf8 23. Rf1 Qe7 24. Ne1 Bh6 25. Nf3 Be3+ 26. Kg2 Ng4 27. h3 Nh6 28. Nh4 Nf7 29. Qf3 Ne5 30. Qe4 Kg7 31. Nf3 Nc6 32. Qxc6 Bh6 33. Qe4 Qxe4 34. dxe4 d3 35. Rd1 d2 36. Nxd2 Be3 37. Nf3 Bd4 38. Nxd4 cxd4 39. Rxd4 Kf6 40. Rd7 Ke5 41. Rxa7 Kxe4 42. Rxh7 Kd4 43. Rg7 Kxc4 44. Rxg6 b5 45. h4 b4 46. Rb6 Kc5 47. Rxb4 Kxb4 48. h5 Kc4 49. h6 Kd3 50. h7 Kc2 51. h8Q Kb1 52. Qc8 Ka1 53. b4 Kb2 54. a4 Kb3 55. b5 Kb4 56. b6 Ka3 57. a5 Kb4 58. a6 Kb5 59. b7 Ka5 60. a7 Ka6 61. a8Q+ Kb6 62. b8Q# 1-0

[Event "GER Cup Net V3 U2000"]
[Site "Playchess.com INT"]
[Date "2020.05.27"]
[Round "5"]
[White "Lange, Stephan"]
[Black "Ebner, Bruno"]
[Result "1-0"]
[WhiteElo "2325"]
[BlackElo "1758"]
[PlyCount "65"]
[EventDate "2020.05.27"]
[EventType "swiss (blitz)"]
[EventRounds "9"]
[EventCountry "GER"]
[SourceTitle "EXT 2021"]
[Source "ChessBase"]
[SourceDate "2020.10.23"]
[SourceVersion "1"]
[SourceVersionDate "2020.10.23"]
[SourceQuality "1"]

1. g3 c5 2. Nh3 Nc6 3. Bg2 d5 4. d3 Nf6 5. f3 g6 6. e4 dxe4 7. dxe4 Qxd1+ 8. Kxd1 Bg7 9. c3 0-0 10. Na3 Rd8+ 11. Kc2 a6 12. Be3 b6 13. Rad1 Bb7 14. Nc4 Nd7 15. Nf2 b5 16. Na3 Nde5 17. Bxc5 b4 18. cxb4 Rac8 19. Rxd8+ Rxd8 20. Rd1 Rc8 21. Kb1 e6 22. f4 a5 23. fxe5 axb4 24. Nc2 Nxe5 25. Bxb4 Nc4 26. b3 Nb6 27. Ba5 Na8 28. Rd8+ Rxd8 29. Bxd8 f5 30. Ne3 Bd4 31. Nfd1 Kf7 32. exf5 gxf5 33. Bxb7 1-0

[Event "GER Cup Net V3 U2000"]
[Site "Playchess.com INT"]
[Date "2020.05.27"]
[Round "4"]
[White "Lange, Stephan"]
[Black "Niemann, Alexander"]
[Result "1-0"]
[WhiteElo "2325"]
[BlackElo "1741"]
[PlyCount "155"]
[EventDate "2020.05.27"]
[EventType "swiss (blitz)"]
[EventRounds "9"]
[EventCountry "GER"]
[SourceTitle "EXT 2021"]
[Source "ChessBase"]
[SourceDate "2020.10.23"]
[SourceVersion "1"]
[SourceVersionDate "2020.10.23"]
[SourceQuality "1"]

1. g3 d5 2. Nh3 e5 3. Bg2 c6 4. c3 Be6 5. f3 Qd7 6. Nf2 Bc5 7. e3 Bb6 8. d3 f5 9. b3 Nf6 10. Qe2 0-0 11. 0-0 Na6 12. Na3 Ne8 13. Nc2 Nd6 14. Bb2 Rf7 15. Rad1 Raf8 16. Qd2 f4 17. exf4 exf4 18. g4 Bxg4 19. fxg4 Qxg4 20. d4 Qg5 21. Nh3 Qg4 22. Rf3 Ne4 23. Qd3 Bc7 24. Rdf1 Nb8 25. Bc1 Nd7 26. Nf2 Qg6 27. c4 Nb6 28. Ba3 Re8 29. Ne1 Qh6 30. Rh3 Qg6 31. Rf3 h5 32. Nc2 Rf6 33. Kh1 Nxf2+ 34. R1xf2 Qxd3 35. Rxd3 dxc4 36. bxc4 Nxc4 37. Bf3 Ne3 38. Bxh5 Nd5 39. Bxe8 Ne3 40. Bh5 Nxc2 41. Rxc2 Bb6 42. Bf3 Bc7 43. Re2 Kh7 44. d5 cxd5 45. Rxd5 Bb6 46. Rh5+ Kg8 47. Re8+ Kf7 48. Rf8+ Kg6 49. Rxf6+ Kxf6 50. Rd5 Ke6 51. Rd1 Kf5 52. h3 g5 53. Kg2 Ke5 54. Re1+ Kf6 55. Re7 Be3 56. Rxb7 Ke5 57. Bb2+ Kd6 58. Bg4 Kc6 59. Rh7 Kd6 60. Kf3 Kd5 61. Re7 Kc4 62. Bf6 Kb4 63. Bxg5 Ka3 64. Bxf4 Bxf4 65. Kxf4 Kxa2 66. Rxa7+ Kb1 67. Rc7 Kb2 68. Rc8 Kb3 69. h4 Kb4 70. h5 Kb5 71. Ke4 Kb6 72. Kd5 Kb7 73. Rc1 Ka6 74. Rb1 Ka5 75. Kc4 Ka6 76. Kc5 Ka7 77. Kc6 Ka8 78. Kc7 1-0

[Event "GER Cup Net V2 U2000"]
[Site "Playchess.com INT"]
[Date "2020.05.22"]
[Round "5"]
[White "Stangl, Anita"]
[Black "Lange, Stephan"]
[Result "0-1"]
[WhiteElo "1788"]
[BlackElo "2211"]
[PlyCount "108"]
[EventDate "2020.05.22"]
[EventType "swiss (blitz)"]
[EventRounds "9"]
[EventCountry "GER"]
[SourceTitle "EXT 2021"]
[Source "ChessBase"]
[SourceDate "2020.10.23"]
[SourceVersion "1"]
[SourceVersionDate "2020.10.23"]
[SourceQuality "1"]

1. e4 g6 2. Nf3 Bg7 3. d4 c6 4. Nc3 Nh6 5. Bd3 f6 6. 0-0 d6 7. Re1 0-0 8. h3 Nf7 9. Ne2 e6 10. Ng3 b6 11. c4 Na6 12. Qb3 Nc7 13. Qa3 Bb7 14. b4 Qe7 15. Bb2 Rfe8 16. Qc3 Rad8 17. Rad1 Qf8 18. a3 Rc8 19. c5 dxc5 20. dxc5 b5 21. Qb3 Red8 22. Nd4 Qe7 23. f4 e5 24. fxe5 fxe5 25. Nf3 Ne6 26. Bb1 Rxd1 27. Rxd1 Rd8 28. Ba2 Rxd1+ 29. Qxd1 Bc8 30. Qb3 Bf6 31. Nf1 Kg7 32. Ne3 h5 33. a4 a6 34. axb5 axb5 35. Qa3 Ned8 36. Qa8 Be6 37. Bxe6 Qxe6 38. Kh2 Qb3 39. Bxe5 Qxe3 40. Bxf6+ Kxf6 41. e5+ Kg7 42. Qc8 Qe4 43. Qd7 Qf5 44. Qc7 Qe6 45. Kg3 Kf8 46. Kh2 Ke8 47. Kg3 Qd7 48. Qb6 Ne6 49. Nh4 Nf8 50. Qb8+ Ke7 51. Kf4 g5+ 52. Kg3 gxh4+ 53. Kxh4 Ng6+ 54. Kxh5 Qf5# 0-1

[Event "GER-ch Net Amateur Gr-A Final"]
[Site "Playchess.com INT"]
[Date "2020.04.18"]
[Round "3"]
[White "Lange, Stephan"]
[Black "Hartmann, Martin"]
[Result "1-0"]
[WhiteElo "2107"]
[BlackElo "2027"]
[PlyCount "145"]
[EventDate "2020.04.18"]
[EventType "swiss (blitz)"]
[EventRounds "13"]
[EventCountry "GER"]
[SourceTitle "CBM 195 Extra"]
[Source "ChessBase"]
[SourceDate "2020.05.31"]
[SourceVersion "1"]
[SourceVersionDate "2020.05.31"]
[SourceQuality "1"]

1. g3 Nf6 2. Nh3 d5 3. f3 g6 4. Nf2 Bg7 5. e3 0-0 6. d3 c5 7. c3 e5 8. Bg2 d4 9. cxd4 cxd4 10. e4 h5 11. 0-0 h4 12. f4 hxg3 13. hxg3 Nc6 14. Na3 Nh5 15. Qf3 exf4 16. gxf4 Qh4 17. Bd2 Nd8 18. f5 Nc6 19. Qg4 Qf6 20. Nh3 Ne5 21. Qe2 Ng3 22. Qf2 Nxf1 23. Qxf1 gxf5 24. Bg5 Qg6 25. exf5 Bxf5 26. Nc4 Bxd3 27. Nxe5 Bxe5 28. Qf3 Bf5 29. Bd2 Rac8 30. Rf1 Bd3 31. Rf2 Rc2 32. Bf4 Rxf2 33. Qxf2 Bg7 34. Kh2 Be4 35. Bf1 d3 36. Bd2 Qd6+ 37. Bf4 Be5 38. Qg3+ Bg6 39. Bxe5 Qb4 40. Bxd3 Qd2+ 41. Nf2 Re8 42. Bf4 Qxb2 43. Bxg6 Qg7 44. Be4 Qxg3+ 45. Kxg3 b6 46. Kf3 Rc8 47. Bd5 Rc3+ 48. Ke4 Kf8 49. Bd6+ Ke8 50. Bb3 a5 51. Be5 Rc1 52. Nd3 Rh1 53. Kd5 Rh3 54. Bc4 Kd8 55. Kc6 Rh6+ 56. Kb5 f6 57. Bd4 f5 58. Bxb6+ Kc8 59. Bxa5 Rh5 60. Kb4 Rh4 61. Bb6 f4 62. a4 f3 63. a5 Kb7 64. Kb5 Rh5+ 65. Kb4 Rh4 66. Kc3 Rh3 67. Nf4 f2+ 68. Nxh3 f1Q 69. Bxf1 Kb8 70. Kc4 Kb7 71. Kb5 Ka8 72. Bg2+ Kb8 73. a6 1-0

[Event "GER-ch Net Amateur Gr-A Vor3"]
[Site "Playchess.com INT"]
[Date "2020.04.16"]
[Round "6"]
[White "Lange, Stephan"]
[Black "Gremmel, Jonas Simon"]
[Result "0-1"]
[WhiteElo "2040"]
[BlackElo "1859"]
[PlyCount "164"]
[EventDate "2020.04.16"]
[EventType "swiss (blitz)"]
[EventRounds "9"]
[EventCountry "GER"]
[SourceTitle "CBM 195 Extra"]
[Source "ChessBase"]
[SourceDate "2020.05.31"]
[SourceVersion "1"]
[SourceVersionDate "2020.05.31"]
[SourceQuality "1"]

1. g3 g6 2. Nh3 Bg7 3. f3 d5 4. Nf2 e5 5. e3 Ne7 6. d3 0-0 7. c3 c5 8. Bg2 Nbc6 9. 0-0 f5 10. Na3 a6 11. Nc2 Be6 12. Qe2 Qc7 13. Bd2 Rae8 14. Rfe1 Nc8 15. Qf1 Nd6 16. Rad1 b5 17. b3 a5 18. Bc1 e4 19. dxe4 fxe4 20. fxe4 Nxe4 21. Bxe4 dxe4 22. Qxb5 Ne5 23. Nxe4 Nf3+ 24. Kg2 Nxe1+ 25. Nxe1 Qc8 26. Ng5 Qa8+ 27. e4 h6 28. Ngf3 Qxe4 29. Qd3 Qxd3 30. Rxd3 Bc8 31. Kf2 Bb7 32. Re3 Rxe3 33. Bxe3 Bxc3 34. Ke2 Re8 35. Kd3 Bg7 36. Bxc5 Rc8 37. Bb6 Rc3+ 38. Ke2 a4 39. bxa4 Ra3 40. a5 Rxa2+ 41. Ke3 Ra3+ 42. Kf2 Bc3 43. h4 Ra2+ 44. Ke3 Ra4 45. Nd3 Ra3 46. Ke2 Bxf3+ 47. Kxf3 Bxa5 48. Bxa5 Rxa5 49. Ke4 Kg7 50. g4 Ra4+ 51. Kf3 Ra3 52. Ke4 Kf6 53. Nc5 Rh3 54. Nd7+ Ke7 55. Nc5 Rxh4 56. Kf3 Rh3+ 57. Kf4 Rc3 58. Na6 Kf6 59. Nb8 Rc7 60. Na6 Rc4+ 61. Kf3 Kg5 62. Nb8 Rxg4 63. Nd7 Rf4+ 64. Kg3 Rf5 65. Nb6 h5 66. Nc4 h4+ 67. Kg2 Kh5 68. Nd6 Ra5 69. Nf7 g5 70. Nd6 Kg4 71. Nc4 Ra2+ 72. Kf1 Kg3 73. Ne5 Ra1+ 74. Ke2 h3 75. Nc4 h2 76. Nd6 h1Q 77. Nf5+ Kf4 78. Ne3 Qf3+ 79. Kd2 Ra2+ 80. Kc1 Qxe3+ 81. Kb1 Qb3+ 82. Kc1 Qc2# 0-1

[Event "GER-ch Net Amateur Gr-A Vor3"]
[Site "Playchess.com INT"]
[Date "2020.04.16"]
[Round "9"]
[White "Lange, Stephan"]
[Black "Lantzsch, Christian"]
[Result "1-0"]
[WhiteElo "2039"]
[BlackElo "2004"]
[PlyCount "73"]
[EventDate "2020.04.16"]
[EventType "swiss (blitz)"]
[EventRounds "9"]
[EventCountry "GER"]
[SourceTitle "CBM 195 Extra"]
[Source "ChessBase"]
[SourceDate "2020.05.31"]
[SourceVersion "1"]
[SourceVersionDate "2020.05.31"]
[SourceQuality "1"]

1. g3 d6 2. Nh3 e5 3. f3 Be6 4. Nf2 f5 5. Bg2 h5 6. d4 h4 7. g4 fxg4 8. fxg4 h3 9. Bxb7 Nd7 10. Bxa8 Qxa8 11. dxe5 dxe5 12. Qd3 Ngf6 13. Rg1 e4 14. Qb5 Bc5 15. e3 Bd6 16. g5 Nh5 17. Nc3 0-0 18. g6 Ne5 19. Rg5 Nf3+ 20. Ke2 Nxg5 21. Qxg5 Rf5 22. Qg1 Bc4+ 23. Ke1 Bb4 24. Bd2 Qf8 25. Ncxe4 Bxd2+ 26. Kxd2 Bd5 27. Re1 Qb4+ 28. Nc3 Qxb2 29. e4 Rf3 30. Nd3 Rxd3+ 31. Kxd3 Nf4+ 32. Kd4 Qb4+ 33. Ke5 Qxc3+ 34. Kxf4 Qd2+ 35. Ke5 Bc6 36. Rd1 Qa5+ 37. Kf4 1-0

[Event "GER-ch Net Amateur Gr-A Vor2"]
[Site "Playchess.com INT"]
[Date "2020.04.15"]
[Round "6"]
[White "Ehrlich, Kay"]
[Black "Lange, Stephan"]
[Result "0-1"]
[WhiteElo "1825"]
[BlackElo "2104"]
[PlyCount "76"]
[EventDate "2020.04.15"]
[EventType "swiss (blitz)"]
[EventRounds "9"]
[EventCountry "GER"]
[SourceTitle "CBM 196 Extra"]
[Source "ChessBase"]
[SourceDate "2020.07.31"]
[SourceVersion "1"]
[SourceVersionDate "2020.07.31"]
[SourceQuality "1"]

1. e4 g6 2. d4 Bg7 3. Nf3 c6 4. Be3 Nh6 5. h3 f6 6. Qd2 Nf7 7. Nc3 e6 8. 0-0-0 d6 9. g4 b5 10. g5 f5 11. exf5 exf5 12. h4 a5 13. h5 0-0 14. hxg6 hxg6 15. Nh4 Nh8 16. f4 d5 17. Qh2 Re8 18. Bd2 Nd7 19. Nf3 Bb7 20. Qh7+ Kf7 21. Ne5+ Nxe5 22. dxe5 Qb6 23. Rh3 Re6 24. Be3 Qc7 25. Bc5 Rg8 26. Bxb5 cxb5 27. Nxb5 Qxc5 28. Nd6+ Rxd6 29. exd6 Qxd6 30. Rb3 Qxf4+ 31. Kb1 Bc6 32. Rb6 Qc7 33. Rb3 a4 34. Re3 Qb6 35. b3 Qxe3 36. Rc1 Qc3 37. Qxg8+ Kxg8 38. Rd1 Qb2# 0-1

[Event "GER-ch Net Amateur Gr-A Vor2"]
[Site "Playchess.com INT"]
[Date "2020.04.15"]
[Round "9"]
[White "Kreigenfeld, Sven"]
[Black "Lange, Stephan"]
[Result "0-1"]
[WhiteElo "1785"]
[BlackElo "2090"]
[PlyCount "144"]
[EventDate "2020.04.15"]
[EventType "swiss (blitz)"]
[EventRounds "9"]
[EventCountry "GER"]
[SourceTitle "CBM 196 Extra"]
[Source "ChessBase"]
[SourceDate "2020.07.31"]
[SourceVersion "1"]
[SourceVersionDate "2020.07.31"]
[SourceQuality "1"]

1. e4 g6 2. d4 Bg7 3. Nc3 c6 4. Nge2 Nh6 5. Bg5 f6 6. Be3 e6 7. f3 d6 8. Qd2 Nf7 9. h4 Qe7 10. 0-0-0 Na6 11. Nf4 Nc7 12. d5 cxd5 13. exd5 e5 14. Nd3 0-0 15. g4 Bd7 16. Kb1 b6 17. Ne4 Nxd5 18. Bf2 Nc7 19. Nb4 d5 20. Nxd5 Nxd5 21. Qxd5 Be6 22. Qb5 Rac8 23. Bd3 Rc7 24. h5 f5 25. hxg6 hxg6 26. gxf5 gxf5 27. Nc3 Rfc8 28. Bh4 Bf6 29. Rdg1+ Kf8 30. Bxf6 Qxf6 31. Qb4+ Qe7 32. Qxe7+ Kxe7 33. Rg7 Kf6 34. Rg2 Rd7 35. Rgh2 Rcd8 36. a3 Rd4 37. Rh4 Rxh4 38. Rxh4 Rg8 39. b3 Rg3 40. Be2 e4 41. Nb5 exf3 42. Bd3 f2 43. Rf4 Rg2 44. Nd4 Ke5 45. Nxe6 Kxe6 46. Bxf5+ Ke5 47. Rf3 Rg1+ 48. Kb2 f1Q 49. Rxf1 Rxf1 50. Bd3 Rf2 51. Kc3 Kd6 52. Kd4 Kc7 53. Kd5 Nd6 54. a4 Rh2 55. Kd4 a5 56. Kd5 Rh5+ 57. Kd4 Nb7 58. Kc4 Nd8 59. Bg6 Rg5 60. Be4 Kd6 61. Bd3 Ne6 62. Bh7 Nc7 63. Bd3 Rg4+ 64. Kc3 Kc5 65. Bc4 Rg3+ 66. Bd3 Nd5+ 67. Kb2 Kb4 68. Be4 Nc3 69. Bd3 Nd1+ 70. Kc1 Nf2 71. Bf5 Kc3 72. Bh7 Rg1# 0-1

[Event "GER-ch Net Amateur Gr-A Vor1"]
[Site "Playchess.com INT"]
[Date "2020.04.14"]
[Round "2"]
[White "Frick, Christoph"]
[Black "Lange, Stephan"]
[Result "1-0"]
[WhiteElo "1967"]
[BlackElo "2230"]
[PlyCount "137"]
[EventDate "2020.04.14"]
[EventType "swiss (blitz)"]
[EventRounds "9"]
[EventCountry "GER"]
[SourceTitle "EXT 2021"]
[Source "ChessBase"]
[SourceDate "2020.10.23"]
[SourceVersion "1"]
[SourceVersionDate "2020.10.23"]
[SourceQuality "1"]

1. d4 g6 2. Nc3 Bg7 3. e4 c6 4. Be3 d5 5. h3 dxe4 6. Nxe4 Nd7 7. Bc4 Ngf6 8. Ng5 0-0 9. Ne2 b5 10. Bb3 a5 11. a4 Nb6 12. 0-0 b4 13. Re1 Nbd5 14. Qd2 Ba6 15. Nf4 e6 16. Rad1 Rc8 17. Nfxe6 fxe6 18. Nxe6 Qd6 19. Nxf8 Kxf8 20. Bh6 Re8 21. Rxe8+ Nxe8 22. Re1 Nef6 23. Qg5 Bc8 24. Bxg7+ Kxg7 25. Qe5 Qxe5 26. dxe5 Ne8 27. g3 Bxh3 28. f4 Be6 29. Kf2 h5 30. Re4 Kf7 31. Rc4 Ne7 32. Rc5 Bxb3 33. cxb3 Nc7 34. Rxa5 Ke6 35. Ra7 Ncd5 36. a5 c5 37. a6 Nc6 38. Rg7 Nde7 39. Kf3 Nd4+ 40. Ke4 Ndc6 41. Rxg6+ Nxg6 42. f5+ Kf7 43. fxg6+ Kxg6 44. Kd5 Na7 45. Kxc5 Kf5 46. Kb6 Nc8+ 47. Kc7 Na7 48. Kb7 Nb5 49. Kb6 Nd4 50. a7 Kxe5 51. a8Q Nf5 52. Qh8+ Ke4 53. Qxh5 Nxg3 54. Qg4+ Kd5 55. Qxg3 Kd4 56. Qf4+ Kd5 57. Qc4+ Ke5 58. Qxb4 Kd5 59. Qc5+ Ke4 60. Kc6 Kd3 61. b4 Kd2 62. b5 Kd3 63. b6 Kd2 64. b7 Kd3 65. b8Q Ke4 66. Qe8+ Kf3 67. Qcf8+ Kg4 68. Qg6+ Kh4 69. Qh8# 1-0

[Event "GER-ch Net blitz qual5"]
[Site "Playchess.com INT"]
[Date "2020.03.28"]
[Round "7"]
[White "Kotyk, Michael"]
[Black "Lange, Stephan"]
[Result "0-1"]
[WhiteElo "2013"]
[BlackElo "2110"]
[PlyCount "90"]
[EventDate "2020.03.28"]
[EventType "swiss (blitz)"]
[EventRounds "13"]
[EventCountry "GER"]
[SourceTitle "CBM 195 Extra"]
[Source "ChessBase"]
[SourceDate "2020.05.31"]
[SourceVersion "1"]
[SourceVersionDate "2020.05.31"]
[SourceQuality "1"]

1. Nf3 g6 2. d4 Bg7 3. c4 d6 4. Nc3 e5 5. dxe5 dxe5 6. e4 c6 7. Bg5 f6 8. Be3 Qxd1+ 9. Rxd1 Nh6 10. b4 Be6 11. Be2 Nf7 12. 0-0 Bh6 13. Bxh6 Nxh6 14. Na4 Nd7 15. Nd2 Ke7 16. Nb3 b6 17. Rd2 Nf7 18. c5 b5 19. Nc3 Bxb3 20. axb3 a5 21. Rfd1 Rhd8 22. bxa5 Rxa5 23. Nxb5 cxb5 24. c6 Nb6 25. Rxd8 Nxd8 26. c7 Ne6 27. Rc1 Ra8 28. Bxb5 Rc8 29. Rc6 Nd7 30. Bc4 Nd4 31. Ba6 Nxc6 32. Bxc8 Na7 33. Bb7 Nb6 34. f3 Kd7 35. Ba6 Kxc7 36. Kf2 g5 37. Kg3 Kd6 38. h4 h6 39. hxg5 hxg5 40. Kg4 Ke6 41. Bb7 Nb5 42. g3 Nd6 43. Bc6 Nd7 44. f4 gxf4 45. gxf4 Nc5 0-1

[Event "GER-ch Net blitz qual5"]
[Site "Playchess.com INT"]
[Date "2020.03.28"]
[Round "9"]
[White "Lange, Stephan"]
[Black "Hansch, Stephan"]
[Result "0-1"]
[WhiteElo "2110"]
[BlackElo "2149"]
[PlyCount "138"]
[EventDate "2020.03.28"]
[EventType "swiss (blitz)"]
[EventRounds "13"]
[EventCountry "GER"]
[SourceTitle "CBM 195 Extra"]
[Source "ChessBase"]
[SourceDate "2020.05.31"]
[SourceVersion "1"]
[SourceVersionDate "2020.05.31"]
[SourceQuality "1"]

1. g3 d5 2. Nh3 e5 3. Bg2 c6 4. f3 Nf6 5. Nf2 Bc5 6. e3 Be6 7. d3 Nbd7 8. c3 Qb6 9. Qe2 0-0-0 10. b3 Rhe8 11. Na3 d4 12. cxd4 Bxa3 13. Bxa3 Qa5+ 14. Qd2 Qxa3 15. dxe5 Nxe5 16. d4 Ng6 17. 0-0 h5 18. Rfe1 h4 19. g4 Nd5 20. Nd3 Bd7 21. e4 Nb6 22. h3 Qe7 23. Rad1 Kb8 24. Qa5 Qd6 25. Nf2 Nf4 26. Bf1 g6 27. a4 f5 28. e5 Qc7 29. Qd2 Nbd5 30. b4 fxg4 31. fxg4 Be6 32. Ne4 Rf8 33. Nc5 Qc8 34. b5 Bxg4 35. hxg4 Qxg4+ 36. Kh1 Qf3+ 37. Bg2 Qxg2+ 38. Qxg2 Nxg2 39. Kxg2 Nf4+ 40. Kh2 Rfe8 41. bxc6 bxc6 42. Re4 g5 43. Rg1 Rg8 44. e6 Kc7 45. e7 Rde8 46. Rb1 Nd5 47. Rb7+ Kc8 48. Rxa7 g4 49. Ra8+ Kc7 50. Rxe8 Rxe8 51. a5 Rxe7 52. Rxe7+ Nxe7 53. Ne4 Nf5 54. Nf6 g3+ 55. Kh3 Nxd4 56. Ne4 Nb3 57. a6 Kb6 58. Nc3 Kxa6 59. Kxh4 g2 60. Ne2 Nd4 61. Ng1 c5 62. Kg3 c4 63. Kf2 c3 64. Ke3 c2 65. Kd2 Kb5 66. Kc1 Kc4 67. Nh3 Kb3 68. Ng1 Kc3 69. Nf3 Ne2# 0-1

[Event "GER-ch Net blitz qual5"]
[Site "Playchess.com INT"]
[Date "2020.03.28"]
[Round "10"]
[White "Lange, Stephan"]
[Black "Kornitzky, Tino"]
[Result "0-1"]
[WhiteElo "2110"]
[BlackElo "2137"]
[PlyCount "152"]
[EventDate "2020.03.28"]
[EventType "swiss (blitz)"]
[EventRounds "13"]
[EventCountry "GER"]
[SourceTitle "CBM 195 Extra"]
[Source "ChessBase"]
[SourceDate "2020.05.31"]
[SourceVersion "1"]
[SourceVersionDate "2020.05.31"]
[SourceQuality "1"]

1. g3 d5 2. Nh3 c6 3. Bg2 Nf6 4. f3 e5 5. Nf2 Bd6 6. e3 0-0 7. 0-0 Be6 8. d3 Qd7 9. c3 c5 10. b3 Nc6 11. Na3 a6 12. Nc2 b5 13. Qe2 d4 14. cxd4 cxd4 15. e4 Rac8 16. h3 Nb4 17. Ne1 Ne8 18. f4 f6 19. f5 Bf7 20. g4 a5 21. h4 a4 22. bxa4 bxa4 23. a3 Nc6 24. g5 Na5 25. Ng4 Nb3 26. Rb1 Nxc1 27. Qf3 Nb3 28. gxf6 Nxf6 29. Qg3 Kh8 30. Nf3 Nxg4 31. Qxg4 Rc2 32. Ng5 Be7 33. Rfe1 Bf6 34. Bh3 Bg8 35. Ne6 Bxe6 36. fxe6 Qc7 37. Rf1 Qe7 38. Rf5 Rc1+ 39. Rxc1 Nxc1 40. Qd1 Qxa3 41. Qc2 Qc3 42. Qxa4 Qe1+ 43. Kg2 Nxd3 44. Qa3 Qxe4+ 45. Kh2 Ra8 46. e7 Qe2+ 47. Kg3 Re8 48. Qa4 Qe3+ 49. Rf3 Qe1+ 50. Kg2 Qe2+ 51. Kg3 Bxh4+ 52. Kg4 h5+ 53. Kxh4 Qe4+ 54. Kg3 h4+ 55. Kg2 Qe2+ 56. Kg1 Qe1+ 57. Rf1 Qg3+ 58. Bg2 Qe3+ 59. Kh1 Rxe7 60. Qa8+ Kh7 61. Qf3 e4 62. Qg4 Nf2+ 63. Rxf2 Qxf2 64. Kh2 Qg3+ 65. Qxg3 hxg3+ 66. Kxg3 e3 67. Kf3 e2 68. Bh3 e1Q 69. Bf5+ Kh6 70. Bd3 Qe3+ 71. Kg4 Qxd3 72. Kf4 Qe4+ 73. Kg3 Rf7 74. Kh2 Qe3 75. Kg2 Rf2+ 76. Kh1 Qe1# 0-1